Bruno Mars Charting Songs (Billboard Hot Rap / R&B) - Statistics

General Stats
  • This quiz has been taken 63 times
    56 since last reset
  • The average score is 14 of 24
Answer Stats
Album Weeks On Peak Artist(s) Song % Correct
24K Magic 26 Weeks #3 Bruno Mars 24K Magic
96%
24K Magic 22 Weeks #1 Bruno Mars & Cardi B Finesse
89%
24K Magic 44 Weeks #1 Bruno Mars That's What I Like
87%
An Evening with Silk Sonic 26 Weeks #1 Silk Sonic, Bruno Mars & Anderson .Paak Leave the Door Open
85%
Non-Album Single 20 Weeks #1 Cardi B & Bruno Mars Please Me
74%
B.o.B Presents: The Adventures of Bobby Ray 30 Weeks #5 B.o.B ft. Bruno Mars Nothin' On You
68%
24K Magic 20 Weeks #15 Bruno Mars Versace on the Floor
66%
An Evening with Silk Sonic 11 Weeks #4 Silk Sonic, Bruno Mars & Anderson .Paak Skate
64%
An Evening with Silk Sonic 1 Week #17 Silk Sonic, Bruno Mars & Anderson. Paak with Thundercat & Bootsie Collins After Last Night
57%
Mr. Davis 26 Weeks #5 Gucci Mane, Bruno Mars & Kodak Black Wake Up in the Sky
57%
An Evening with Silk Sonic 20 Weeks #2 Silk Sonic, Bruno Mars & Anderson. Paak Smokin' Out the Window
55%
Lazarus 8 Weeks #76 Travie McCoy ft. Bruno Mars Billionaire
53%
Mac & Devin Go to High School 18 Weeks #56 Snoop Dogg & Wiz Khalifa ft. Bruno Mars Young, Wild & Free
53%
24K Magic 1 Week #44 Bruno Mars Chunky
51%
The Twilight Saga: Breaking Dawn – Part 1 6 Weeks #83 Bruno Mars It Will Rain
51%
An Evening with Silk Sonic 4 Weeks #47 Silk Sonic, Bruno Mars & Anderson. Paak Love's Train
49%
Tha Carter IV 11 Weeks #69 Lil Wayne ft. Bruno Mars Mirror
49%
An Evening with Silk Sonic 1 Week #35 Silk Sonic, Bruno Mars & Anderson. Paak 777
47%
An Evening with Silk Sonic 1 Week #20 Silk Sonic, Bruno Mars & Anderson. Paak Blast Off
43%
An Evening with Silk Sonic 1 Week #23 Silk Sonic, Bruno Mars & Anderson. Paak Fly as Me
43%
An Evening with Silk Sonic 1 Week #22 Silk Sonic, Bruno Mars & Anderson. Paak Put On a Smile
40%
Hell: The Sequel 11 Weeks #75 Bad Meets Evil ft. Bruno Mars Lighters
38%
An Evening with Silk Sonic 1 Week #48 Silk Sonic, Bruno Mars & Anderson. Paak Silk Sonic Intro
36%
Free the Universe 13 Weeks #17 Major Lazer ft. Bruno Mars, Tyga & Mystic Bubble Butt
26%
No matching quizzes found
Score Distribution
Percent of People with Each Score
Percentile by Number Answered
Your Score History
You have not taken this quiz since the last reset